| 000 | 00731nam a2200217 a 4500 | ||
|---|---|---|---|
| 001 | 000016924 | ||
| 003 | DO-SdBNP | ||
| 005 | 20250606100104.0 | ||
| 008 | 100312s1978 dr 000 0 spa d | ||
| 040 |
_aDO-SdBNP _bspa _cBNPHU |
||
| 082 | 4 |
_a370.7293 _bM433p _222 |
|
| 100 | 1 |
_aMatos Berrido, Leonardo _924949 |
|
| 245 | 1 | 0 |
_aProgreso educativo / _cLeonardo Matos Berrido. |
| 260 |
_aSanto Domingo : _bSecretaría de Estado de Educación, Bellas Artes y Cultos, _c1978. |
||
| 300 |
_a351 p. ; _c28 cm. |
||
| 650 | 4 |
_aEducación _zRepública Dominicana _9737 |
|
| 650 | 0 |
_aEducación primaria _zRepública Dominicana _91420 |
|
| 650 | 4 |
_aEscuelas secundarias _937428 |
|
| 650 | 4 |
_aCapacitación docente _917398 |
|
| 942 |
_2ddc _cLBS1 |
||
| 999 |
_c16456 _d16456 |
||